| 000 | 00615cam a22002173a 4500 | ||
|---|---|---|---|
| 001 | 45648 | ||
| 003 | PGUSA | ||
| 005 | 20140828084045.0 | ||
| 008 | 140514s2014||||xxu|||||s|||||000 | eng d | ||
| 040 |
_aPGUSA _beng |
||
| 042 | _adc | ||
| 100 | 1 |
_aRoberts, Morley, _d1857-1942 |
|
| 245 | 1 | 0 |
_aLady Penelope _h[electronic resource] / _cMorley Roberts |
| 260 |
_bProject Gutenberg, _c2014 |
||
| 506 | _aPublic domain in the USA. | ||
| 516 | _aElectronic text | ||
| 700 | 1 |
_aBrown, Arthur William, _d1881-1966 |
|
| 830 | 0 |
_aProject Gutenberg _v45648 |
|
| 856 | 4 | 0 | _uhttp://www.gutenberg.org/ebooks/45648 |
| 942 | _cEB | ||
| 999 |
_c274898 _d274898 |
||